M&As and the global strategies of TNCs /
Sparad:
| Huvudupphovsman: | |
|---|---|
| Övriga upphovsmän: | |
| Materialtyp: | Text |
| Ämnen: | |
| Taggar: |
Lägg till en tagg
Inga taggar, Lägg till första taggen!
|
MARC
| LEADER | 00000 a a2200000 04500 | ||
|---|---|---|---|
| 001 | 18608 | ||
| 003 | |||
| 040 | |||
| 100 | |a Cantwell, John | ||
| 245 | |a M&As and the global strategies of TNCs / |c John Cantwell ; Graza D. Santangelo | ||
| 650 | |a EMPRESAS TRANSNACIONALES | ||
| 650 | |a FUSIONES DE EMPRESAS | ||
| 650 | |a PRIVATIZACION | ||
| 650 | |a NEOLIBERALISMO | ||
| 650 | |a PAISES EN DESARROLLO | ||
| 650 | |a DESEMPEÑO ECONOMICO | ||
| 650 | |a TECNOLOGIA | ||
| 700 | |a Santangelo, Graza D. | ||
| 773 | |g volumen 40, número 4; páginas 400-434 | ||
| 999 | |c 34190 |d 34190 | ||
